[Event "DVM U20w 2017"]
[Site "Düsseldorf GER"]
[Date "2017.12.28"]
[Round "4"]
[White "Schneider, Jana"]
[Black "Halas, Julia"]
[Result "0-1"]
[Termination "normal"]
[Board "1.1"]
[WhiteTitle "FM"]
[WhiteElo "2222"]
[BlackElo "1901"]
[WhiteClock "00:40:13"]
[BlackClock "00:03:44"]
[WhiteTeam "Spvgg 1946 Stetten"]
[BlackTeam "SG Leipzig"]
[PlyCount "74"]
[WhiteFideId "12924997"]
[BlackFideId "12931810"]
[EventCountry "GER"]
[EventRounds "7"]
[EventType "team-round robin"]
[EventDate "2017.12.26"]

1. e4 {[%clk 1:30:57]} e6 {[%clk 1:30:54]} 2. d4 {[%clk 1:31:20]} d5 {[%clk
1:31:19]} 3. Nd2 {[%clk 1:31:43]} Nf6 {[%clk 1:31:42]} 4. e5 {[%clk 1:32:07]}
Nfd7 {[%clk 1:32:05]} 5. Bd3 {[%clk 1:32:27]} c5 {[%clk 1:32:27]} 6. c3 {[%clk
1:32:51]} Nc6 {[%clk 1:32:50]} 7. Ne2 {[%clk 1:33:15]} cxd4 {[%clk 1:33:11]} 8.
cxd4 {[%clk 1:33:37]} f6 {[%clk 1:33:34]} 9. exf6 {[%clk 1:34:01]} Nxf6 {[%clk
1:33:58]} 10. Nf3 {[%clk 1:34:22]} Bd6 {[%clk 1:34:17]} 11. O-O {[%clk
1:34:41]} Qc7 {[%clk 1:34:40]} 12. Nc3 {[%clk 1:34:52]} a6 {[%clk 1:34:59]} 13.
Be3 {[%clk 1:35:04]} O-O {[%clk 1:32:41]} 14. Rc1 {[%clk 1:35:17]} g6 {[%clk
1:22:35]} 15. h3 {[%clk 1:31:28]} Nh5 {[%clk 1:11:42]} 16. Bh6 {[%clk 1:29:09]}
Rf6 {[%clk 1:02:14]} 17. Na4 {[%clk 1:21:43]} Nf4 {[%clk 0:47:42]} 18. Bb1
{[%clk 1:20:56]} b6 {[%clk 0:33:24]} 19. Ne5 {[%clk 1:17:59]} Bb7 {[%clk
0:25:25]} 20. Re1 {[%clk 1:15:59]} Re8 {[%clk 0:21:59]} 21. Qg4 {[%clk
1:12:28]} Bb4 {[%clk 0:13:30]} 22. Bxf4 {[%clk 1:08:59]} Bxe1 {[%clk 0:11:22]}
23. Rxe1 {[%clk 1:08:54]} Qg7 {[%clk 0:10:15]} 24. Bg5 {[%clk 1:07:46]} Rff8
{[%clk 0:10:08]} 25. Nxb6 {[%clk 1:05:20]} Nxe5 {[%clk 0:09:42]} 26. Rxe5
{[%clk 1:05:17]} Qc7 {[%clk 0:08:39]} 27. Rxe6 {[%clk 1:01:53]} Qf7 {[%clk
0:08:13]} 28. Re2 {[%clk 0:58:03]} h5 {[%clk 0:07:33]} 29. Rxe8 {[%clk
0:44:45]} Qxf2+ {[%clk 0:07:42]} 30. Kh2 {[%clk 0:45:10]} hxg4 {[%clk 0:08:00]}
31. Rxf8+ {[%clk 0:45:33]} Qxf8 {[%clk 0:07:36]} 32. Nd7 {[%clk 0:44:23]} Qf2
{[%clk 0:04:23]} 33. Nf6+ {[%clk 0:39:51]} Kf7 {[%clk 0:04:35]} 34. Nxg4 {[%clk
0:39:58]} Qxd4 {[%clk 0:04:49]} 35. Nh6+ {[%clk 0:39:58]} Ke6 {[%clk 0:04:08]}
36. Ng4 {[%clk 0:40:03]} Qxb2 {[%clk 0:04:02]} 37. Bxg6 {[%clk 0:40:13]} Qg7
{[%clk 0:03:44]} 0-1

[Event "DVM U20w 2017"]
[Site "Düsseldorf GER"]
[Date "2017.12.28"]
[Round "4"]
[White "Halas, Lena"]
[Black "Siegl, Melina"]
[Result "0-1"]
[Termination "normal"]
[Board "1.2"]
[WhiteElo "1786"]
[BlackElo "2023"]
[WhiteClock "00:11:06"]
[BlackClock "00:26:47"]
[WhiteTeam "SG Leipzig"]
[BlackTeam "Spvgg 1946 Stetten"]
[PlyCount "50"]
[WhiteFideId "12931799"]
[BlackFideId "1272126"]
[EventCountry "GER"]
[EventRounds "7"]
[EventType "team-round robin"]
[EventDate "2017.12.26"]

1. e4 {[%clk 1:30:57]} c5 {[%clk 1:30:53]} 2. Nf3 {[%clk 1:31:18]} e6 {[%clk
1:31:06]} 3. d4 {[%clk 1:31:38]} cxd4 {[%clk 1:31:30]} 4. Nxd4 {[%clk 1:32:02]}
Nf6 {[%clk 1:31:46]} 5. Nc3 {[%clk 1:31:43]} d6 {[%clk 1:31:55]} 6. Bd3 {[%clk
1:23:52]} a6 {[%clk 1:31:35]} 7. O-O {[%clk 1:23:35]} b5 {[%clk 1:30:05]} 8. a4
{[%clk 1:22:09]} b4 {[%clk 1:28:48]} 9. Nb1 {[%clk 1:22:00]} Bb7 {[%clk
1:28:33]} 10. Nd2 {[%clk 1:21:45]} Nbd7 {[%clk 1:27:52]} 11. Qe2 {[%clk
1:13:27]} Nc5 {[%clk 1:24:54]} 12. Bc4 {[%clk 1:03:55]} e5 {[%clk 1:02:39]} 13.
Nf5 {[%clk 0:59:36]} Ncxe4 {[%clk 1:01:34]} 14. Nxe4 {[%clk 0:58:26]} Bxe4
{[%clk 0:57:12]} 15. Ng3 {[%clk 0:46:34]} Bb7 {[%clk 0:57:14]} 16. Bg5 {[%clk
0:45:51]} Qd7 {[%clk 0:42:22]} 17. f4 {[%clk 0:44:01]} Be7 {[%clk 0:38:38]} 18.
fxe5 {[%clk 0:41:14]} dxe5 {[%clk 0:39:00]} 19. Qxe5 {[%clk 0:40:37]} O-O
{[%clk 0:34:33]} 20. Nf5 {[%clk 0:35:31]} Rae8 {[%clk 0:28:48]} 21. Rad1 {[%clk
0:20:37]} Qc6 {[%clk 0:27:04]} 22. Bd5 {[%clk 0:19:45]} Bc5+ {[%clk 0:27:08]}
23. Kh1 {[%clk 0:19:46]} Rxe5 {[%clk 0:27:10]} 24. Bxc6 {[%clk 0:13:46]} Bxc6
{[%clk 0:27:23]} 25. a5 {[%clk 0:11:06]} Re2 {[%clk 0:26:47]} 0-1

[Event "DVM U20w 2017"]
[Site "Düsseldorf GER"]
[Date "2017.12.28"]
[Round "4"]
[White "Mehling, Katharina"]
[Black "Hartewig, Anja"]
[Result "1-0"]
[Termination "normal"]
[Board "1.3"]
[WhiteElo "1914"]
[BlackElo "1779"]
[WhiteClock "00:11:19"]
[BlackClock "00:13:12"]
[WhiteTeam "Spvgg 1946 Stetten"]
[BlackTeam "SG Leipzig"]
[PlyCount "53"]
[WhiteFideId "12900362"]
[BlackFideId "12917966"]
[EventCountry "GER"]
[EventRounds "7"]
[EventType "team-round robin"]
[EventDate "2017.12.26"]

1. d4 {[%clk 1:30:57]} d5 {[%clk 1:30:49]} 2. Nc3 {[%clk 1:31:17]} Nf6 {[%clk
1:30:47]} 3. Bg5 {[%clk 1:31:02]} c6 {[%clk 1:26:50]} 4. f3 {[%clk 1:25:51]}
Nbd7 {[%clk 1:21:39]} 5. e4 {[%clk 1:25:27]} dxe4 {[%clk 1:21:03]} 6. fxe4
{[%clk 1:24:45]} Qa5 {[%clk 1:20:45]} 7. Bd2 {[%clk 1:17:10]} e6 {[%clk
1:15:16]} 8. Nf3 {[%clk 1:11:55]} Qc7 {[%clk 1:09:28]} 9. Bd3 {[%clk 1:07:30]}
Be7 {[%clk 1:04:52]} 10. O-O {[%clk 0:54:53]} h6 {[%clk 1:02:01]} 11. e5 {[%clk
0:44:45]} Nh7 {[%clk 0:55:11]} 12. Qe1 {[%clk 0:33:50]} Nb6 {[%clk 0:45:46]}
13. a4 {[%clk 0:31:31]} Bd7 {[%clk 0:36:51]} 14. Ne4 {[%clk 0:28:19]} c5 {[%clk
0:29:08]} 15. dxc5 {[%clk 0:22:48]} Bxc5+ {[%clk 0:29:08]} 16. Nxc5 {[%clk
0:23:11]} Qxc5+ {[%clk 0:29:32]} 17. Be3 {[%clk 0:21:56]} Qc7 {[%clk 0:28:20]}
18. Qg3 {[%clk 0:21:22]} g5 {[%clk 0:27:04]} 19. Qf2 {[%clk 0:18:00]} Bc6
{[%clk 0:24:10]} 20. a5 {[%clk 0:16:30]} Nd5 {[%clk 0:21:16]} 21. Bxa7 {[%clk
0:16:12]} Nf4 {[%clk 0:20:38]} 22. Bb6 {[%clk 0:15:45]} Qe7 23. Rad1 {[%clk
0:13:46]} Nd5 {[%clk 0:16:27]} 24. Be4 {[%clk 0:10:56]} f5 {[%clk 0:13:45]} 25.
exf6 {[%clk 0:10:43]} Nhxf6 {[%clk 0:14:02]} 26. Bg6+ {[%clk 0:10:57]} Kf8
{[%clk 0:13:12]} 27. Bc5 {[%clk 0:11:19]} 1-0

[Event "DVM U20w 2017"]
[Site "Düsseldorf GER"]
[Date "2017.12.28"]
[Round "4"]
[White "Oswald, Lena"]
[Black "Bosse, Lea"]
[Result "1-0"]
[Termination "normal"]
[Board "1.4"]
[WhiteElo "1670"]
[BlackElo "1702"]
[WhiteClock "00:38:14"]
[BlackClock "00:02:12"]
[WhiteTeam "SG Leipzig"]
[BlackTeam "Spvgg 1946 Stetten"]
[PlyCount "119"]
[WhiteFideId "12983314"]
[BlackFideId "12900419"]
[EventCountry "GER"]
[EventRounds "7"]
[EventType "team-round robin"]
[EventDate "2017.12.26"]

1. e4 {[%clk 1:31:22]} e6 {[%clk 1:31:16]} 2. d4 {[%clk 1:31:43]} d5 {[%clk
1:31:39]} 3. Nd2 {[%clk 1:32:06]} Be7 {[%clk 1:30:49]} 4. c3 {[%clk 1:30:39]}
c5 {[%clk 1:30:04]} 5. exd5 {[%clk 1:28:56]} exd5 {[%clk 1:28:26]} 6. dxc5
{[%clk 1:28:56]} Bxc5 {[%clk 1:28:37]} 7. Ngf3 {[%clk 1:28:28]} Nc6 {[%clk
1:27:29]} 8. Nb3 {[%clk 1:27:17]} Bb6 {[%clk 1:27:09]} 9. Be2 {[%clk 1:26:06]}
Nge7 {[%clk 1:26:47]} 10. O-O {[%clk 1:24:18]} O-O {[%clk 1:26:32]} 11. Nbd4
{[%clk 1:21:10]} Nf5 {[%clk 1:24:39]} 12. Nxf5 {[%clk 1:11:37]} Bxf5 {[%clk
1:24:49]} 13. Bd3 {[%clk 1:11:26]} Qd7 {[%clk 1:18:06]} 14. Bxf5 {[%clk
1:04:14]} Qxf5 {[%clk 1:17:48]} 15. Re1 {[%clk 1:04:01]} Rad8 {[%clk 1:16:18]}
16. Be3 {[%clk 1:01:46]} Bc7 {[%clk 1:14:14]} 17. Nd4 {[%clk 0:56:48]} Nxd4
{[%clk 1:07:52]} 18. Bxd4 {[%clk 0:57:04]} Bb8 {[%clk 0:58:27]} 19. Qe2 {[%clk
0:50:01]} b6 {[%clk 0:52:35]} 20. Rad1 {[%clk 0:47:33]} Rd6 {[%clk 0:48:09]}
21. Qe5 {[%clk 0:40:45]} Qxe5 {[%clk 0:43:18]} 22. Rxe5 {[%clk 0:40:51]} Rh6
{[%clk 0:41:38]} 23. Rxd5 {[%clk 0:40:34]} Bxh2+ {[%clk 0:41:39]} 24. Kf1
{[%clk 0:40:55]} Bb8 {[%clk 0:35:30]} 25. Ke2 {[%clk 0:39:10]} Re8+ {[%clk
0:34:36]} 26. Be3 {[%clk 0:39:17]} Rhe6 {[%clk 0:32:14]} 27. Kf1 {[%clk
0:32:49]} h6 {[%clk 0:27:47]} 28. c4 {[%clk 0:29:10]} Rf6 {[%clk 0:21:06]} 29.
Rd8 {[%clk 0:24:50]} Rfe6 30. c5 {[%clk 0:21:56]} Bc7 {[%clk 0:13:46]} 31.
Rxe8+ {[%clk 0:21:03]} Rxe8 {[%clk 0:14:12]} 32. Rd7 {[%clk 0:19:59]} Rc8
{[%clk 0:14:21]} 33. b4 {[%clk 0:19:20]} bxc5 {[%clk 0:13:34]} 34. Bxc5 {[%clk
0:19:19]} Bb6 {[%clk 0:13:33]} 35. a4 {[%clk 0:15:01]} Bxc5 {[%clk 0:12:33]}
36. bxc5 {[%clk 0:15:26]} a5 {[%clk 0:12:43]} 37. Rd5 {[%clk 0:15:00]} Rc6
{[%clk 0:12:43]} 38. Ke2 {[%clk 0:14:33]} Kf8 {[%clk 0:10:54]} 39. Kd3 {[%clk
0:14:04]} Ke7 {[%clk 0:10:41]} 40. Kc4 {[%clk 0:13:43]} Ke6 {[%clk 0:10:23]}
41. Rd2 {[%clk 0:13:55]} Rc8 {[%clk 0:25:58]} 42. Kb5 {[%clk 0:41:05]} Rb8+
{[%clk 0:23:05]} 43. Ka6 {[%clk 0:41:23]} Rc8 {[%clk 0:21:04]} 44. Rd6+ {[%clk
0:41:27]} Ke7 {[%clk 0:21:10]} 45. Kb5 Rb8+ {[%clk 0:19:28]} 46. Rb6 {[%clk
0:41:44]} Ra8 {[%clk 0:16:42]} 47. Rb7+ {[%clk 0:41:23]} Ke8 {[%clk 0:15:35]}
48. c6 {[%clk 0:39:11]} g5 {[%clk 0:14:20]} 49. Kb6 {[%clk 0:39:33]} Rc8 {[%clk
0:11:18]} 50. Rd7 {[%clk 0:39:49]} Rb8+ {[%clk 0:09:25]} 51. Kxa5 {[%clk
0:39:56]} Rb2 {[%clk 0:06:40]} 52. Rd5 {[%clk 0:37:43]} Rc2 {[%clk 0:06:21]}
53. Kb6 {[%clk 0:38:00]} Rb2+ {[%clk 0:06:45]} 54. Rb5 {[%clk 0:38:25]} Rc2
{[%clk 0:04:37]} 55. Kb7 {[%clk 0:37:35]} Kd8 {[%clk 0:03:46]} 56. a5 {[%clk
0:37:34]} Ke7 {[%clk 0:01:39]} 57. c7 {[%clk 0:37:39]} Kd7 {[%clk 0:01:43]} 58.
Rd5+ {[%clk 0:38:03]} Ke6 {[%clk 0:02:03]} 59. c8=Q+ {[%clk 0:37:58]} Rxc8
{[%clk 0:02:12]} 60. Kxc8 {[%clk 0:38:14]} 1-0

[Event "DVM U20w 2017"]
[Site "Düsseldorf GER"]
[Date "2017.12.28"]
[Round "4"]
[White "Sherif, Amina"]
[Black "Lohrmann, Tabea"]
[Result "1-0"]
[Termination "normal"]
[Board "2.1"]
[WhiteTitle "WIM"]
[WhiteElo "2041"]
[BlackElo "1694"]
[WhiteClock "00:02:57"]
[BlackClock "00:05:02"]
[WhiteTeam "TuRa Harksheide Norderstedt"]
[BlackTeam "SK Endingen"]
[PlyCount "71"]
[WhiteFideId "12911690"]
[BlackFideId "12911941"]
[EventCountry "GER"]
[EventRounds "7"]
[EventType "team-round robin"]
[EventDate "2017.12.26"]

1. d4 {[%clk 1:30:56]} d5 {[%clk 1:30:55]} 2. Bf4 {[%clk 1:31:12]} e6 {[%clk
1:30:13]} 3. e3 {[%clk 1:31:29]} c5 {[%clk 1:30:08]} 4. c3 {[%clk 1:31:20]} Nf6
{[%clk 1:28:57]} 5. Nd2 {[%clk 1:31:07]} Bd6 {[%clk 1:27:48]} 6. Bg3 {[%clk
1:30:29]} O-O {[%clk 1:26:45]} 7. Ngf3 {[%clk 1:30:10]} Nc6 {[%clk 1:26:49]} 8.
Bb5 {[%clk 1:27:30]} a6 {[%clk 1:22:10]} 9. Bxc6 {[%clk 1:26:52]} bxc6 {[%clk
1:22:31]} 10. Qa4 {[%clk 1:26:02]} Bb7 {[%clk 1:20:35]} 11. Qa3 {[%clk
1:24:20]} Bxg3 {[%clk 1:18:54]} 12. hxg3 {[%clk 1:24:27]} c4 {[%clk 1:15:05]}
13. b3 {[%clk 1:21:01]} cxb3 {[%clk 1:11:38]} 14. Nxb3 {[%clk 1:20:46]} Nd7
{[%clk 1:09:51]} 15. Qd6 {[%clk 1:14:50]} Rc8 {[%clk 1:02:20]} 16. g4 {[%clk
1:02:16]} Qc7 {[%clk 0:57:24]} 17. Qxc7 {[%clk 0:53:16]} Rxc7 {[%clk 0:57:37]}
18. Nc5 {[%clk 0:49:27]} Nxc5 {[%clk 0:49:29]} 19. dxc5 {[%clk 0:49:43]} f6
{[%clk 0:40:18]} 20. g5 {[%clk 0:39:10]} e5 {[%clk 0:36:37]} 21. gxf6 {[%clk
0:39:03]} gxf6 {[%clk 0:36:51]} 22. Rb1 {[%clk 0:38:57]} a5 {[%clk 0:32:00]}
23. Rh4 {[%clk 0:28:27]} Ba6 {[%clk 0:30:35]} 24. Rb6 {[%clk 0:20:46]} Bc4
{[%clk 0:27:58]} 25. a4 {[%clk 0:20:58]} Ra8 {[%clk 0:24:41]} 26. Kd2 {[%clk
0:14:03]} Raa7 {[%clk 0:17:53]} 27. Rh1 {[%clk 0:09:06]} Rg7 {[%clk 0:08:17]}
28. Nh4 {[%clk 0:06:38]} Rgb7 {[%clk 0:06:00]} 29. Rhb1 {[%clk 0:04:17]} Rc7
{[%clk 0:06:12]} 30. Nf5 {[%clk 0:03:40]} Kf8 {[%clk 0:04:48]} 31. Nd6 {[%clk
0:02:32]} Ke7 {[%clk 0:04:45]} 32. Rb8 {[%clk 0:02:23]} Ba6 {[%clk 0:04:24]}
33. Re8+ {[%clk 0:02:31]} Kd7 {[%clk 0:04:49]} 34. Rh1 {[%clk 0:02:44]} h6
{[%clk 0:04:48]} 35. Rxh6 {[%clk 0:02:57]} Rcb7 {[%clk 0:05:02]} 36. Rh7# 1-0

[Event "DVM U20w 2017"]
[Site "Düsseldorf GER"]
[Date "2017.12.28"]
[Round "4"]
[White "Schneider, Xenia"]
[Black "Köhler, Inken"]
[Result "1-0"]
[Termination "normal"]
[Board "2.2"]
[WhiteElo "1320"]
[BlackElo "1909"]
[WhiteClock "00:17:55"]
[BlackClock "00:02:14"]
[WhiteTeam "SK Endingen"]
[BlackTeam "TuRa Harksheide Norderstedt"]
[PlyCount "147"]
[WhiteFideId "12911984"]
[BlackFideId "12929301"]
[EventCountry "GER"]
[EventRounds "7"]
[EventType "team-round robin"]
[EventDate "2017.12.26"]

1. e4 {[%clk 1:30:57]} c5 {[%clk 1:30:54]} 2. Nf3 {[%clk 1:31:20]} e6 {[%clk
1:31:16]} 3. Nc3 {[%clk 1:31:08]} a6 {[%clk 1:30:39]} 4. a4 {[%clk 1:31:19]}
Nc6 {[%clk 1:30:16]} 5. d4 {[%clk 1:16:07]} cxd4 {[%clk 1:29:48]} 6. Nxd4
{[%clk 1:16:29]} Qc7 {[%clk 1:29:11]} 7. Be3 {[%clk 1:04:01]} Nf6 {[%clk
1:28:16]} 8. Bd3 {[%clk 1:02:15]} Ne5 {[%clk 1:25:30]} 9. O-O {[%clk 0:58:36]}
Neg4 {[%clk 1:24:14]} 10. Nf3 {[%clk 0:55:23]} Nxe3 {[%clk 1:23:18]} 11. fxe3
{[%clk 0:55:44]} Bc5 {[%clk 1:21:28]} 12. Qe2 {[%clk 0:50:17]} Ng4 {[%clk
1:18:32]} 13. Nd1 {[%clk 0:48:06]} h5 {[%clk 1:17:18]} 14. h3 {[%clk 0:43:19]}
Nf6 {[%clk 1:15:06]} 15. e5 {[%clk 0:39:23]} Nd5 {[%clk 1:14:16]} 16. Ng5
{[%clk 0:34:11]} Rf8 {[%clk 1:03:03]} 17. Nh7 {[%clk 0:31:18]} Qxe5 {[%clk
0:54:15]} 18. Nxf8 {[%clk 0:27:19]} Kxf8 {[%clk 0:53:08]} 19. Qf3 {[%clk
0:24:36]} f6 {[%clk 0:51:13]} 20. Kf2 {[%clk 0:19:45]} d6 {[%clk 0:42:23]} 21.
Qe4 Qg5 {[%clk 0:40:14]} 22. h4 {[%clk 0:18:11]} Qh6 {[%clk 0:36:17]} 23. Re1
{[%clk 0:15:42]} Ke7 {[%clk 0:34:09]} 24. Kf3 {[%clk 0:13:35]} Bd7 25. Ke2
{[%clk 0:08:49]} Bc6 {[%clk 0:29:29]} 26. Qc4 Bxe3 {[%clk 0:23:06]} 27. Kf1
{[%clk 0:05:22]} Nb6 {[%clk 0:18:30]} 28. Nxe3 {[%clk 0:03:52]} Nxc4 {[%clk
0:18:39]} 29. Nf5+ {[%clk 0:04:13]} Kf8 {[%clk 0:17:52]} 30. Nxh6 {[%clk
0:04:16]} Ne5 {[%clk 0:16:48]} 31. Be4 {[%clk 0:03:36]} d5 {[%clk 0:06:31]} 32.
Bf5 {[%clk 0:03:21]} Bd7 {[%clk 0:05:51]} 33. Bd3 {[%clk 0:03:06]} gxh6 {[%clk
0:05:34]} 34. Be2 {[%clk 0:03:07]} Ng4 {[%clk 0:05:35]} 35. Bxg4 {[%clk
0:03:20]} hxg4 {[%clk 0:06:03]} 36. g3 {[%clk 0:03:42]} Rc8 {[%clk 0:05:06]}
37. Re2 {[%clk 0:03:40]} b5 {[%clk 0:03:26]} 38. a5 {[%clk 0:03:55]} b4 {[%clk
0:02:28]} 39. Kf2 {[%clk 0:04:20]} e5 {[%clk 0:02:25]} 40. Rd2 {[%clk 0:03:44]}
d4 {[%clk 0:01:51]} 41. Rc1 {[%clk 0:02:48]} Bf5 {[%clk 0:30:06]} 42. Ke1
{[%clk 0:31:10]} Ke7 {[%clk 0:28:09]} 43. Kd1 {[%clk 0:30:56]} Be4 {[%clk
0:25:27]} 44. Rf2 {[%clk 0:26:01]} Bf3+ {[%clk 0:24:17]} 45. Kd2 {[%clk
0:25:06]} e4 {[%clk 0:22:51]} 46. Rff1 {[%clk 0:24:07]} f5 {[%clk 0:18:49]} 47.
c3 {[%clk 0:22:17]} dxc3+ {[%clk 0:14:08]} 48. bxc3 {[%clk 0:22:34]} b3 {[%clk
0:12:25]} 49. Rb1 {[%clk 0:22:06]} e3+ {[%clk 0:08:34]} 50. Kxe3 {[%clk
0:21:07]} Rxc3+ {[%clk 0:08:58]} 51. Kd4 {[%clk 0:21:25]} Rc2 {[%clk 0:06:59]}
52. Rxb3 {[%clk 0:21:34]} Ra2 {[%clk 0:06:13]} 53. Rc1 {[%clk 0:20:27]} Rxa5
{[%clk 0:04:49]} 54. Rc5 {[%clk 0:19:08]} Ra4+ {[%clk 0:04:13]} 55. Ke5 {[%clk
0:19:00]} Be4 {[%clk 0:01:26]} 56. Rc7+ {[%clk 0:18:52]} Kd8 {[%clk 0:01:54]}
57. Rh7 {[%clk 0:17:08]} Ra5+ {[%clk 0:01:58]} 58. Kf4 {[%clk 0:16:45]} Kc8
{[%clk 0:02:02]} 59. Rc3+ {[%clk 0:16:54]} Kb8 {[%clk 0:00:57]} 60. Rcc7 {[%clk
0:16:45]} Rd5 {[%clk 0:00:51]} 61. Rb7+ {[%clk 0:16:38]} Kc8 {[%clk 0:00:59]}
62. Ra7 {[%clk 0:16:42]} Rd8 {[%clk 0:01:00]} 63. Rxa6 {[%clk 0:16:17]} Bb7
{[%clk 0:00:36]} 64. Ra7 {[%clk 0:16:24]} Be4 {[%clk 0:00:32]} 65. Rxh6 {[%clk
0:16:24]} Kb8 {[%clk 0:00:48]} 66. Rhh7 {[%clk 0:16:41]} Re8 {[%clk 0:00:56]}
67. Rae7 {[%clk 0:16:47]} Rd8 {[%clk 0:01:09]} 68. h5 {[%clk 0:16:59]} Rf8
{[%clk 0:00:59]} 69. h6 {[%clk 0:17:15]} Bd5 {[%clk 0:01:15]} 70. Rhg7 {[%clk
0:17:22]} Rh8 {[%clk 0:01:35]} 71. h7 {[%clk 0:17:37]} Ba2 {[%clk 0:01:30]} 72.
Rb7+ {[%clk 0:17:30]} Kc8 {[%clk 0:01:51]} 73. Rgc7+ {[%clk 0:17:45]} Kd8
{[%clk 0:02:14]} 74. Rb8+ {[%clk 0:17:55]} 1-0

[Event "DVM U20w 2017"]
[Site "Düsseldorf GER"]
[Date "2017.12.28"]
[Round "4"]
[White "Zimmermann, Jasmin"]
[Black "Wagner, Lena"]
[Result "1-0"]
[Termination "normal"]
[Board "2.3"]
[WhiteElo "1799"]
[BlackElo "1259"]
[WhiteClock "00:02:33"]
[BlackClock "00:02:10"]
[WhiteTeam "TuRa Harksheide Norderstedt"]
[BlackTeam "SK Endingen"]
[PlyCount "73"]
[WhiteFideId "12900400"]
[BlackFideId "12983470"]
[EventCountry "GER"]
[EventRounds "7"]
[EventType "team-round robin"]
[EventDate "2017.12.26"]

1. e4 {[%clk 1:30:57]} c6 {[%clk 1:30:52]} 2. Nc3 {[%clk 1:31:01]} d5 {[%clk
1:30:57]} 3. Nf3 {[%clk 1:31:11]} g6 4. d4 {[%clk 1:28:53]} Bg7 {[%clk
1:30:37]} 5. Be2 {[%clk 1:27:18]} Bg4 {[%clk 1:29:00]} 6. exd5 {[%clk 1:23:33]}
cxd5 {[%clk 1:29:10]} 7. h3 {[%clk 1:20:43]} Bf5 {[%clk 1:28:54]} 8. O-O {[%clk
1:18:08]} Nf6 {[%clk 1:27:13]} 9. Bf4 {[%clk 1:15:26]} Nc6 {[%clk 1:25:35]} 10.
Re1 {[%clk 1:10:48]} O-O {[%clk 1:24:56]} 11. Bb5 {[%clk 0:59:34]} a6 {[%clk
1:09:27]} 12. Bxc6 {[%clk 0:56:05]} bxc6 {[%clk 1:09:25]} 13. Ne5 {[%clk
0:55:31]} Rc8 {[%clk 1:07:03]} 14. Na4 {[%clk 0:51:05]} Ne4 {[%clk 1:04:14]}
15. f3 {[%clk 0:47:24]} Nd6 {[%clk 1:02:51]} 16. g4 {[%clk 0:43:42]} Be6 {[%clk
1:02:01]} 17. Nc5 {[%clk 0:41:46]} Qa5 {[%clk 0:51:21]} 18. Nxe6 {[%clk
0:38:44]} fxe6 {[%clk 0:50:55]} 19. Bg5 {[%clk 0:35:35]} Rfe8 {[%clk 0:44:28]}
20. Qe2 {[%clk 0:24:01]} c5 {[%clk 0:20:19]} 21. Bd2 {[%clk 0:18:01]} Qb6
{[%clk 0:19:52]} 22. Kg2 {[%clk 0:12:23]} Qc7 {[%clk 0:15:04]} 23. dxc5 {[%clk
0:12:12]} Qxc5 {[%clk 0:13:37]} 24. c3 {[%clk 0:10:50]} Qb6 {[%clk 0:12:16]}
25. Nd7 {[%clk 0:09:40]} Qb7 {[%clk 0:11:27]} 26. Qxe6+ {[%clk 0:09:53]} Kh8
{[%clk 0:11:12]} 27. Rab1 {[%clk 0:06:04]} Rc7 {[%clk 0:10:28]} 28. Ne5 {[%clk
0:05:52]} Nc4 {[%clk 0:09:02]} 29. Nxc4 {[%clk 0:06:10]} dxc4 {[%clk 0:09:15]}
30. Bf4 {[%clk 0:04:46]} Rcc8 {[%clk 0:06:32]} 31. Be5 {[%clk 0:04:46]} Rg8
{[%clk 0:05:05]} 32. Bxg7+ {[%clk 0:04:47]} Rxg7 {[%clk 0:05:25]} 33. Re4
{[%clk 0:04:43]} Rf8 {[%clk 0:03:28]} 34. Qxc4 {[%clk 0:02:36]} Rgf7 {[%clk
0:02:28]} 35. Rf1 {[%clk 0:02:08]} Qxb2+ {[%clk 0:02:04]} 36. Re2 {[%clk
0:02:26]} Qb7 {[%clk 0:02:10]} 37. Qe4 {[%clk 0:02:33]} 1-0

[Event "DVM U20w 2017"]
[Site "Düsseldorf GER"]
[Date "2017.12.28"]
[Round "4"]
[White "Wagner, Anna"]
[Black "Schramm, Anna-Lena"]
[Result "0-1"]
[Termination "normal"]
[Board "2.4"]
[WhiteElo "1297"]
[BlackElo "1474"]
[WhiteClock "00:55:48"]
[BlackClock "00:25:35"]
[WhiteTeam "SK Endingen"]
[BlackTeam "TuRa Harksheide Norderstedt"]
[PlyCount "90"]
[WhiteFideId "12983489"]
[BlackFideId "12918237"]
[EventCountry "GER"]
[EventRounds "7"]
[EventType "team-round robin"]
[EventDate "2017.12.26"]

1. e4 {[%clk 1:30:59]} e5 {[%clk 1:30:56]} 2. Nf3 {[%clk 1:31:21]} Nc6 {[%clk
1:31:16]} 3. Bc4 {[%clk 1:31:41]} Bc5 {[%clk 1:31:28]} 4. c3 {[%clk 1:32:05]}
Nf6 {[%clk 1:30:59]} 5. d4 {[%clk 1:32:25]} exd4 {[%clk 1:31:25]} 6. cxd4
{[%clk 1:32:50]} Bb4+ {[%clk 1:31:52]} 7. Nc3 {[%clk 1:33:06]} Nxe4 {[%clk
1:30:23]} 8. O-O {[%clk 1:33:23]} Bxc3 {[%clk 1:30:04]} 9. bxc3 {[%clk
1:33:43]} d5 {[%clk 1:30:24]} 10. Bb5 {[%clk 1:33:38]} O-O {[%clk 1:30:42]} 11.
c4 {[%clk 1:32:36]} Re8 {[%clk 1:10:21]} 12. cxd5 {[%clk 1:26:57]} Qxd5 {[%clk
1:10:31]} 13. Ba4 {[%clk 1:24:06]} Bf5 {[%clk 1:02:38]} 14. Re1 {[%clk
1:22:56]} Nc3 {[%clk 0:52:58]} 15. Bb3 {[%clk 1:20:31]} Qb5 {[%clk 0:45:26]}
16. Qd2 {[%clk 1:19:31]} Ne2+ {[%clk 0:44:50]} 17. Kh1 {[%clk 1:17:37]} Nexd4
{[%clk 0:44:19]} 18. Bb2 {[%clk 1:13:38]} Nxb3 {[%clk 0:41:39]} 19. axb3 {[%clk
1:13:26]} Qxb3 {[%clk 0:40:03]} 20. h3 {[%clk 1:11:44]} h6 {[%clk 0:34:02]} 21.
Nd4 {[%clk 1:00:53]} Qd5 {[%clk 0:31:42]} 22. Qf4 {[%clk 0:58:59]} Nxd4 {[%clk
0:30:01]} 23. Qxd4 {[%clk 0:58:31]} Qxd4 {[%clk 0:29:48]} 24. Bxd4 {[%clk
0:58:34]} Rxe1+ {[%clk 0:28:40]} 25. Rxe1 {[%clk 0:58:53]} b6 {[%clk 0:28:18]}
26. Re7 {[%clk 0:57:19]} c5 {[%clk 0:26:54]} 27. Be3 {[%clk 0:57:26]} Kf8
{[%clk 0:25:46]} 28. Re5 {[%clk 0:57:26]} Be6 {[%clk 0:26:06]} 29. Kh2 {[%clk
0:57:38]} a5 {[%clk 0:26:16]} 30. Bd2 {[%clk 0:57:08]} a4 {[%clk 0:24:03]} 31.
Re1 {[%clk 0:57:13]} a3 {[%clk 0:24:19]} 32. Bc3 {[%clk 0:57:13]} b5 {[%clk
0:24:14]} 33. Ba1 {[%clk 0:57:01]} b4 {[%clk 0:24:04]} 34. Rc1 {[%clk 0:55:47]}
c4 {[%clk 0:24:29]} 35. f4 {[%clk 0:55:12]} b3 {[%clk 0:24:19]} 36. Rb1 {[%clk
0:54:50]} Bf5 37. Re1 {[%clk 0:53:41]} b2 {[%clk 0:24:30]} 38. Bxb2 {[%clk
0:54:05]} axb2 {[%clk 0:24:56]} 39. g4 {[%clk 0:54:16]} b1=Q {[%clk 0:25:15]}
40. Rxb1 {[%clk 0:54:43]} Bxb1 {[%clk 0:25:38]} 41. Kg3 {[%clk 0:55:08]} Ra3+
{[%clk 0:25:33]} 42. Kh4 {[%clk 0:55:12]} c3 {[%clk 0:24:52]} 43. Kg3 {[%clk
0:55:10]} c2+ {[%clk 0:25:16]} 44. Kh4 {[%clk 0:55:34]} c1=Q {[%clk 0:25:35]}
45. Kh5 {[%clk 0:55:48]} Rxh3# 0-1